000 00461nam a2200169Ia 4500
999 _c29622
_d29622
003 OSt
005 20201228124359.0
008 190216s9999||||xx |||||||||||||| ||und||
040 _coclc
082 _a700
_bGIT/C
100 _aGithesh, T
_97914
245 0 _aCinimayude Vyakaranam /
_cT Githesh
260 _bOlive Publications,
_c2009.
_aKozhikode:
300 _a195p
650 _aPadanam
942 _cBK
_2ddc
_h700
_iGIT/C
_k700
_mGIT/C